[Event "Biel Rapid op 55th"]
[Site "Biel"]
[Date "2022.??.??"]
[Round "1"]
[White "Krishna, C Revanth Gopala"]
[Black "Galerne, Nicolas"]
[Result "1-0"]
[WhiteElo "2335"]
[BlackElo "1435"]
[PlyCount "62"]
[EventDate "2022.07.12"]
[EventType "swiss (rapid)"]
[EventRounds "9"]
[EventCountry "SUI"]
[SourceTitle "EXT 2024"]
[Source "ChessBase"]
[SourceDate "2023.10.10"]
[SourceVersion "1"]
[SourceVersionDate "2023.10.10"]
[SourceQuality "1"]

1. d4 c6 2. Nf3 d5 3. c4 Nf6 4. e3 e6 5. Nc3 Nbd7 6. Nd2 Be7 7. g3 0-0 8. Bg2 dxc4 9. Nxc4 Nb6 10. Ne5 Nbd5 11. 0-0 Nd7 12. Nf3 Nxc3 13. bxc3 c5 14. Qd3 Rb8 15. e4 cxd4 16. cxd4 Bf6 17. Bf4 Ra8 18. Rac1 Re8 19. Bc7 Qe7 20. e5 Bg5 21. Bd6 Qd8 22. Nxg5 Qxg5 23. f4 Qd8 24. f5 Qb6 25. fxe6 Rxe6 26. Kh1 Rxd6 27. exd6 Qxd6 28. Qc4 Nf6 29. Qxc8+ Rxc8 30. Rxc8+ Qf8 31. Rxf8+ Kxf8 1-0